书目信息 |
| 题名: |
中外将帅之道
|
|
| 作者: | 刘建 , 刘硕 著 | |
| 分册: | ||
| 出版信息: | 北京 团结出版社 2022 |
|
| 页数: | 13,427页 | |
| 开本: | 23cm | |
| 丛书名: | ||
| 单 册: | ||
| 中图分类: | E89 | |
| 科图分类: | ||
| 主题词: | 军事--谋略--世界 | |
| 电子资源: | ||
| ISBN: | 978-7-5126-9020-2 | |
| 000 | 00745nam0 2200229 450 | |
| 001 | 2254380366 | |
| 005 | 20220918150634.71 | |
| 010 | @a978-7-5126-9020-2@dCNY78.00 | |
| 100 | @a20220407d2022 em y0chiy50 ea | |
| 101 | 0 | @achi |
| 102 | @aCN@b110000 | |
| 105 | @ay z 000yd | |
| 200 | 1 | @a中外将帅之道@9zhong wai jiang shuai zhi dao@f刘建,刘硕著 |
| 210 | @a北京@c团结出版社@d2022 | |
| 215 | @a13,427页@d23cm | |
| 330 | @a本书精选了历史上具有代表性的杰出军事人物,通过对其生平和策略的分析,展现了他们在安邦定国、率军打仗、平叛治乱以及待人接物等诸多方面的智慧。 | |
| 606 | 0 | @a军事@x谋略@y世界 |
| 690 | @aE89@v5 | |
| 701 | 0 | @a刘建@9liu jian@4著 |
| 701 | 0 | @a刘硕@9liu shuo@4著 |
| 801 | 0 | @aCN@b91MARC@c20220521 |
| 905 | @aZUCC@dE89@e16 | |
| 中外将帅之道/刘建,刘硕著.-北京:团结出版社,2022 |
| 13,427页;23cm |
| ISBN 978-7-5126-9020-2:CNY78.00 |
| 本书精选了历史上具有代表性的杰出军事人物,通过对其生平和策略的分析,展现了他们在安邦定国、率军打仗、平叛治乱以及待人接物等诸多方面的智慧。 |
| ● |
| 相关链接 |
|
|
|
正题名:中外将帅之道
索取号:E89/16
 
预约/预借
| 序号 | 登录号 | 条形码 | 馆藏地/架位号 | 状态 | 备注 |
| 1 | 2000898277 | 2000898277 | 第三书库/ [索取号:E89/16] | 在馆 | |
| 2 | 2000898278 | 2000898278 | 第三书库/ [索取号:E89/16] | 在馆 | |
| 3 | 2000898279 | 2000898279 | 第三书库/ [索取号:E89/16] | 在馆 |